India-Australia relations: (Record no. 11401)

MARC details
000 -LEADER
fixed length control field 00686 a2200205 4500
010 ## - LIBRARY OF CONGRESS CONTROL NUMBER
LC control number ENG-89817
020 ## - INTERNATIONAL STANDARD BOOK NUMBER
International Standard Book Number 9788175414112
Terms of availability 950.00
035 ## - SYSTEM CONTROL NUMBER
System control number EN-73350
037 ## - SOURCE OF ACQUISITION
Source of stock number/acquisition DBAD / PUB
082 14 - DEWEY DECIMAL CLASSIFICATION NUMBER
Classification number 327.54094
090 ## - LOCALLY ASSIGNED LC-TYPE CALL NUMBER (OCLC); LOCAL CALL NUMBER (OCLC)
-- 11728
-- 11728
245 1# - TITLE STATEMENT
Title India-Australia relations:
Statement of responsibility, etc edited by D. Gopal
Remainder of title convergences and divergences/
260 ## - PUBLICATION, DISTRIBUTION, ETC. (IMPRINT)
Place of publication, distribution, etc Delhi
Name of publisher, distributor, etc Shipra Publications
Date of publication, distribution, etc 2008
270 ## - ADDRESS
Address 115-A, Vikas Marg, Shakarpur
City Delhi
Postal code 110 092
300 ## - PHYSICAL DESCRIPTION
Extent viii, 384p.
Dimensions 22 cm (pbk)
500 ## - GENERAL NOTE
General note Includes index
700 ## - ADDED ENTRY--PERSONAL NAME
Personal name Gopal, D.
942 ## - ADDED ENTRY ELEMENTS (KOHA)
Institution code [OBSOLETE] dpl
Koha item type English Books
Call number prefix 327.54094 / IND
Holdings
Withdrawn status Lost status Source of classification or shelving scheme Damaged status Not for loan Collection code Home library Current library Source of acquisition Cost, normal purchase price Total Checkouts Full call number Barcode Date last seen Copy number Uniform Resource Identifier Cost, replacement price Price effective from Koha item type
    Dewey Decimal Classification   Not For Loan Non-fiction D.B.Act.Division D.B.Act.Division DBAD/PUB 950.00   327.54094 IND EN-73350 15/09/2008 1 12513 950.00 15/09/2008 English Books

© Delhi Public Library
Hit Counter
free hit counter